000
00285nam a2200133Ia 4500
100
_a
Lipnitsky
942
_c
BK
654
_a
Cast Iron
245
_a
Melting of Cast Iron & Non Ferrous Alloys
260
_b
Peace publishers
082
_a
671.24
300
_a
219
546
_a
ENGLISH
999
_c
30308
_d
30308